The Charles Leclerc Quiz - Statistics

General Stats
  • This quiz has been taken 685 times
    390 since last reset
  • The average score is 13 of 16
Answer Stats
Hint Answer % Correct
Nationality Monegasque
98%
Current Team Ferrari
97%
Current Teammate Lewis Hamilton
95%
F1 driver number 16
94%
Year of birth 1997
94%
Famous radio message: "I am ______" stupid
90%
Year in which he joined F1 2018
89%
Musical instrument he plays Piano
88%
Fill in the Blank: "Nothing, just an _________, in the race" inchident
85%
Younger brother who raced in F2 Arthur Leclerc
82%
First Team he raced for in F1 Alfa Romeo Sauber
80%
Name ANY of his middle names Marc | Hervé | Perceval
78%
Grand Prix where he got his first win Belgium
76%
Grand Prix where he said that Azerbaijan
74%
Team he raced for in F2 PREMA Racing
60%
Grand Prix where he got his first podium Bahrain
54%
No matching quizzes found
Score Distribution
Percent of People with Each Score
Percentile by Number Answered
Your Score History
You have not taken this quiz since the last reset